Statystyki dla gry z roblox z podpowiedziami

Kliknij tutaj aby rozwiązać quiz!

Ogólne statystyki

  • Ten quiz został rozwiązany 55 razy
    (18 od ostatniego zresetowania)
  • Średni wynik to 5 z 20

Statystyki odpowiedzi

HintOdpowiedź% Poprawnych
najpopularniejsza gra roleplaybrookhaven
86%
gra o ucieczce z więzieniajailbreak
71%
gra odwiedzona ponad 20 bilionów (miliardów) razy też ( ma 20 bilionów visits)adopt me
64%
gra w której musisz przejść 100 drzwidoors
64%
gra w której tak jakby masz swoje zwierzaki i one ci rozwalają pieniądze własnym ciałem i za te pieniądze otwierasz jajka i zdobywasz lepsze zwierzaki inaczej nie umiałem tego zdania napisać chyba że ktoś wie jak lepiejpet simulator
50%
{teraz takie bonusowe pytanie}w którym roku odbył się największy atak hakerów na roblox2012
43%
gra o byciu modnymfashion famous
36%
podróba gry która była dobrą odpowiedzią na pytanie "gra o ucieczce z więzienia"madcity
29%
najpopularniejsza gra ragdoll ( czyli takie wywalanie się tak jakby bo niektórych ludzi satysfakcjonuje to że ktoś spada i się obraca w powietrzu i mu ręce i nogi się ruszają podczas spadania)ragdoll engine
29%
gra w której masz rolę mordercy szeryfa i niewinnego musisz przetrwać jako niewinny jako morderca chyba każdy wie a jako szeryf uchronić niewinnych i pozbyć się mordercymurder mystery 2
14%
gra w której budujesz wielką willę (tycoon czyli budujesz)mega mansion tycoon
7%
gra która została zchakowana i nie wróciłarobloxity
7%
gra w której się siłujesz taka mała podpowiedź: to symulatorarm wrestle simulator
0%
gra w której jesteś zabawkowym ludzikiem i rozwalasz pokój jakiegoś dzieckabe a toy
0%
gra w której jeździsz autem i to auto przy okazji rozwalasz albo mogłem napisać samochódcar crushers 2
0%
gra o rywalizacji czterech wież żółtej niebieskiej czerwonej i zielonejdoomspire brickbattle
0%
gra gdzie rzucasz przedmiotami i innymi graczamifling things and people
0%
gra w której rządzisz własnym państwem i możesz atakować innychnations roleplay 2
0%
najpopularniejszy polski clicker na roblox ( czyli klikasz i zdobywasz za to punkty za klikanie )rebirth champions x
0%
gra ktorą coolkid napadł w 2016 roku ( coolkid to haker na roblox )work at a pizza place
0%

Rozkład punktacji

Percentyl według liczby udzielonych odpowiedzi

Procent ludzi z każdym wynikiem

Twoja historia wyników

Nie rozwiązałeś tego quizu od ostatniego zresetowania